Rischio o risorsa?: L'approfondimento concettuale della fede nella società post-moderna e multiculturale
| Main Author: | |
|---|---|
| Format: | Print Article |
| Language: | Italian |
| Check availability: | HBZ Gateway |
| Interlibrary Loan: | Interlibrary Loan for the Fachinformationsdienste (Specialized Information Services in Germany) |
| Published: |
1996
|
| In: |
Approfondimento concettuale della fede e inculturazione
Year: 1996, Pages: 261-274 |
| Standardized Subjects / Keyword chains: | B
Faith
/ The Postmodern
/ Multi-cultural society
|
| IxTheo Classification: | CB Christian life; spirituality KAJ Church history 1914-; recent history |
MARC
| LEADER | 00000caa a2200000 c 4500 | ||
|---|---|---|---|
| 001 | 1534605940 | ||
| 003 | DE-627 | ||
| 005 | 20250916081904.0 | ||
| 007 | tu | ||
| 008 | 160405s1996 xx ||||| 00| ||ita c | ||
| 020 | |a 8870942368 | ||
| 035 | |a (DE-627)1534605940 | ||
| 035 | |a (DE-576)464605946 | ||
| 035 | |a (DE-599)BSZ464605946 | ||
| 040 | |a DE-627 |b ger |c DE-627 |e rakwb | ||
| 041 | |a ita | ||
| 084 | |a 1 |2 ssgn | ||
| 100 | 1 | |0 (DE-588)1081695862 |0 (DE-627)846490862 |0 (DE-576)162141335 |4 aut |a Martelli, Stefano |d 1952- | |
| 109 | |a Martelli, Stefano 1952- | ||
| 245 | 1 | 0 | |a Rischio o risorsa? |b L'approfondimento concettuale della fede nella società post-moderna e multiculturale |
| 246 | 3 | 0 | |a Approfondimento concettuale della fede e inculturazione |
| 264 | 1 | |c 1996 | |
| 336 | |a Text |b txt |2 rdacontent | ||
| 337 | |a ohne Hilfsmittel zu benutzen |b n |2 rdamedia | ||
| 338 | |a Band |b nc |2 rdacarrier | ||
| 500 | |a Rubrikentitel: Approfondimento concettuale della fede e inculturazione | ||
| 652 | |a CB:KAJ | ||
| 689 | 0 | 0 | |d s |0 (DE-588)4071867-0 |0 (DE-627)104707917 |0 (DE-576)209185139 |2 gnd |a Glaube |
| 689 | 0 | 1 | |d s |0 (DE-588)4115604-3 |0 (DE-627)104288515 |0 (DE-576)20949462X |2 gnd |a Postmoderne |
| 689 | 0 | 2 | |d s |0 (DE-588)4214151-5 |0 (DE-627)105067342 |0 (DE-576)21021869X |2 gnd |a Multikulturelle Gesellschaft |
| 689 | 0 | |5 (DE-627) | |
| 773 | 0 | 8 | |i In |t Approfondimento concettuale della fede e inculturazione |d Bologna : Ed. Studio Domenicano, 1996 |g (1996), Seite 261-274 |h 295 S. |w (DE-627)1608571564 |w (DE-576)053729382 |z 8870942368 |7 nnam |
| 773 | 1 | 8 | |g year:1996 |g pages:261-274 |
| 935 | |a mteo | ||
| 951 | |a AR | ||
| ELC | |b 1 | ||
| ITA | |a 1 |t 1 | ||
| LOK | |0 000 xxxxxcx a22 zn 4500 | ||
| LOK | |0 001 2913818765 | ||
| LOK | |0 003 DE-627 | ||
| LOK | |0 004 1534605940 | ||
| LOK | |0 005 20160405114926 | ||
| LOK | |0 008 160404||||||||||||||||ger||||||| | ||
| LOK | |0 040 |a DE-Tue135 |c DE-627 |d DE-Tue135 | ||
| LOK | |0 092 |o n | ||
| LOK | |0 852 |a DE-Tue135 | ||
| LOK | |0 852 1 |9 00 | ||
| LOK | |0 935 |a ixzs |a ixmi | ||
| LOK | |0 936ln |0 1442043768 |a CB | ||
| LOK | |0 936ln |0 1442044640 |a KAJ | ||
| LOK | |0 939 |a 04-04-16 |b l01 | ||
| ORI | |a SA-MARC-ixtheoa001.raw | ||
| STA | 0 | 0 | |a Faith,Faith,Belief in God,Multi-cultural society,Multicultural society,Cultural pluralism,Pluralism,Culture,Cultural pluralism,The Postmodern,Postmodern age,Postmodernity |
| STB | 0 | 0 | |a Foi,Foi,Postmodernisme,Société multiculturelle,Société multiculturelle |
| STC | 0 | 0 | |a Fe,Fe,Postmodernidad,Sociedad multicultural,Sociedad multicultural |
| STD | 0 | 0 | |a Fede,Fede,Postmoderno,Società multiculturale,Società multiculturale |
| STE | 0 | 0 | |a 信念,信念,信心,信德,信心,信德,后现代主义,多元文化社会 |
| STF | 0 | 0 | |a 信念,信念,信心,信德,信心,信德,多元文化社會,後現代主義 |
| STG | 0 | 0 | |a Fé,Fé,Pós-modernidade,Sociedade multicultural,Sociedade multicultural |
| STH | 0 | 0 | |a Вера (мотив),Вера,Многокультурное общество (мотив),Многокультурное общество,Постмодернизм |
| STI | 0 | 0 | |a Μεταμοντερνισμός,Πίστη (μοτίβο),Πίστη,Πολυπολιτισμική κοινωνία (μοτίβο),Πολυπολιτισμική κοινωνία |
| SYG | 0 | 0 | |a Glauben,Gottesglaube,Überzeugung , Postmodernismus,Postmodernismus , Interkulturalität,Interkulturelle Gesellschaft,Kulturpluralismus,Multikulturalismus,Multiethnische Gesellschaft,Multi-racial society,Rassenpluralismus,Transkulturalität,Transkulturelle Gesellschaft,Interkulturalität,Interkulturelle Gesellschaft,Kulturpluralismus,Kulturelle Vielfalt,Kulturelle Diversität,Multikulturalismus,Multiethnische Gesellschaft,Multi-racial society,Rassenpluralismus,Transkulturelle Gesellschaft,Multikulti,Multikulturalität |